[Event "Goetzis"]
[Site "Goetzis"]
[Date "1995.??.??"]
[Round "8"]
[White "Dobosz, Henryk"]
[Black "Doskocil, Klaus"]
[Result "1/2-1/2"]
[WhiteElo "2420"]
[BlackElo "2245"]

1.d4 Nf6 2.Bg5 Ne4 3.h4 h6 4.Bf4 d5 5.Nd2 Nxd2 6.Qxd2 Bf5 7.f3 e6 8.g4 Bh7
9.g5 h5 10.Nh3 Bd6 11.c3 c6 12.Bg2 Bf5 13.e4 Bxh3 14.Bxh3 Bxf4 15.Qxf4  1/2-1/2

[Event "Groningen op"]
[Site "Groningen"]
[Date "1995.??.??"]
[Round "?"]
[White "Summerscale, Aaron"]
[Black "Shipov, Sergei"]
[Result "1-0"]
[WhiteElo "2455"]
[BlackElo "2510"]

1.d4 Nf6 2.Bg5 Ne4 3.Bf4 c5 4.d5 Qb6 5.Bc1 e6 6.f3 Nf6 7.c4 Bd6 8.e4 O-O
9.Ne2 Qc7 10.Nbc3 a6 11.f4 exd5 12.e5 d4 13.exf6 dxc3 14.Nxc3 Re8+ 15.Kf2 Bf8
16.Bd3 Nc6 17.Be3 d6 18.Qh5 g6 19.Qg5 Nd4 20.Bxd4 cxd4 21.Nd5 Qd8 22.h4 Be6
23.h5 h6 24.Qh4 Bxd5 25.cxd5 Re3 26.Rad1 Qb6 27.Kg1 Qxb2 28.Qg4 Rxd3 29.Rxd3 Qb1+
30.Rd1 Qc2 31.hxg6 fxg6 32.Qe6+ Kh8 33.Rf1 d3 34.Qe4 Qc5+ 35.Kh2 d2 36.Rd1 Qc3
37.Rhf1 Rc8 38.Qe2 Qxf6 39.Qxd2 Bg7 40.Kg1 Rc4 41.Qe3 Qf5 42.Qe6 Bd4+ 43.Kh1 Qh5+
44.Qh3 Qxh3+ 45.gxh3 Bf6 46.Rc1 Rb4 47.Rfe1 Kg7 48.Rc7+ Kf8 49.Re6 Rxf4 50.Rxd6  1-0

[Event "Groningen op"]
[Site "Groningen"]
[Date "1995.??.??"]
[Round "?"]
[White "Landenbergue, Claude"]
[Black "Shipov, Sergei"]
[Result "0-1"]
[WhiteElo "2420"]
[BlackElo "2510"]

1.d4 Nf6 2.Bg5 Ne4 3.Bf4 c5 4.f3 Qa5+ 5.c3 Nf6 6.Nd2 cxd4 7.Nb3 Qb6 8.Qxd4 Qxd4
9.cxd4 e6 10.e4 d5 11.e5 Nfd7 12.Rc1 Nb6 13.Ne2 Nc6 14.Nc3 a6 15.Be3 Nc4
16.Bxc4 dxc4 17.Nd2 b5 18.a3 Be7 19.f4 O-O 20.O-O Rd8 21.Nf3 Bb7 22.Rcd1 b4
23.Na4 bxa3 24.bxa3 Na5 25.Nd2 Bd5 26.Nb1 Nb3 27.f5 exf5 28.Nb6 Rab8 29.Nxd5 Rxd5
30.Rxf5 Nxd4 31.Bxd4 Rxd4 32.Rc1 g6 33.Rf3 Re4 34.Nd2 Rxe5 35.Nxc4 Re4 36.Na5 Rb2
37.Rf2 Bxa3 38.Rxb2 Bxb2 39.Rc7 Kg7 40.Nc4 Bd4+ 41.Kf1 Re6 42.Rd7 Bc5 43.Rc7 Bb4
44.g3 Re1+ 45.Kf2 Rc1 46.Ke3 Rc2 47.h4 Be1 48.Kd3 Bxg3  0-1

[Event "Wch U16"]
[Site "Guarapuava"]
[Date "1995.??.??"]
[Round "11"]
[White "Mah, Karl"]
[Black "Pilaj, Herwig"]
[Result "1-0"]
[WhiteElo "2200"]
[BlackElo "2125"]

1.d4 Nf6 2.Bg5 Ne4 3.Bf4 c5 4.f3 Qa5+ 5.c3 Nf6 6.d5 d6 7.e4 g6 8.Na3 Nbd7
9.Nc4 Qc7 10.a4 b6 11.Qd2 h5 12.Nh3 a6 13.Ng5 Bb7 14.Ne3 h4 15.Nh3 Ne5 16.Nc4 Nfd7
17.Nxe5 Nxe5 18.c4 Bg7 19.Be2 Bc8 20.Nf2 Qb7 21.O-O Nd7 22.Qc2 Bh6 23.Bxh6 Rxh6
24.f4 Nf6 25.e5 Nh5 26.exd6 Bf5 27.Bd3 Bxd3 28.Qxd3 O-O-O 29.Ng4 Rhh8 30.Ne5 exd6
31.Qh3+ f5 32.Nxg6 Rh6 33.Qxf5+ Kb8 34.Qg5  1-0

[Event "Wichern op"]
[Site "Hamburg"]
[Date "1995.??.??"]
[Round "1"]
[White "Dankert, Peter"]
[Black "Ftacnik, Lubomir"]
[Result "0-1"]
[WhiteElo "2275"]
[BlackElo "2580"]

1.d4 Nf6 2.Bg5 Ne4 3.Bh4 c5 4.f3 g5 5.fxe4 gxh4 6.e3 Bh6 7.Kf2 d5 8.exd5 Qxd5
9.Nf3 Nc6 10.Bb5 Bd7 11.e4 Qxe4 12.Re1 Qg4 13.d5 Rg8 14.Bf1 O-O-O 15.Nbd2 Bf5
16.Nc4 Be4 17.Ne3 Bxe3+ 18.Rxe3 Rxd5  0-1

[Event "Wichern op"]
[Site "Hamburg"]
[Date "1995.??.??"]
[Round "1"]
[White "Hennig, Dirk"]
[Black "Mista, Aleksander"]
[Result "1-0"]
[WhiteElo "2365"]
[BlackElo "2165"]

1.d4 Nf6 2.Bg5 Ne4 3.Bh4 d5 4.f3 Nd6 5.Nc3 c6 6.e4 dxe4 7.fxe4 g6 8.e5 Nf5
9.Bf2 Bh6 10.Qd3 Na6 11.a3 Qa5 12.Rd1 Be6 13.g4 Bd5 14.b4 Nxb4 15.axb4 Qxb4
16.Rb1 Qa5 17.Nf3 b5 18.Rxb5 cxb5 19.Qxb5+ Qxb5 20.Bxb5+ Kd8 21.Nxd5 Rb8
22.c4 a6 23.gxf5 axb5 24.c5 Ra8 25.O-O gxf5 26.Bh4 Rg8+ 27.Kh1 Bf8 28.Ng5 Rg7
29.e6 Ra2 30.Nxf7+ Kc8 31.Bg3 Rg4 32.c6 Ra6 33.Rxf5  1-0

[Event "Hastings Masters"]
[Site "Hastings"]
[Date "1995.??.??"]
[Round "3"]
[White "Gunter, David WW"]
[Black "Briggs, Philip J"]
[Result "1-0"]
[WhiteElo "2130"]
[BlackElo "2280"]

1.d4 Nf6 2.Bg5 Ne4 3.Bh4 c6 4.Nd2 Qa5 5.c3 d5 6.f3 Nxd2 7.Qxd2 Bf5 8.g4 Bg6
9.f4 Be4 10.Nf3 Nd7 11.Bh3 O-O-O 12.a4 h5 13.b4 Qc7 14.f5 Bxf3 15.exf3 e5
16.Bxd8 Qxd8 17.g5 exd4 18.Qxd4 Qxg5 19.Rg1 Qe7+ 20.Kf1 Qd6 21.f6 Qxf6 22.Qxf6 gxf6
23.b5 Kc7 24.bxc6 bxc6 25.Bxd7 Kxd7 26.Rb1 Bd6 27.Rb7+ Ke6 28.Rg2 a5 29.Ke2 h4
30.h3 Rh5 31.Ra7 Re5+ 32.Kd3 c5 33.Re2 d4 34.Rxe5+ fxe5 35.Rxa5 f5 36.c4 e4+
37.fxe4 f4 38.Rb5 f3 39.a5 f2 40.Rb1 Ke5 41.a6 Bb8 42.Rf1 Kf4 43.Rxf2+ Kg3
44.Rf8  1-0

[Event "Hastings op9495"]
[Site "Hastings"]
[Date "1995.??.??"]
[Round "3"]
[White "Cooper, Lawrence"]
[Black "Har Zvi, Ronen"]
[Result "0-1"]
[WhiteElo "2320"]
[BlackElo "2500"]

1.d4 Nf6 2.Bg5 Ne4 3.Bf4 d5 4.f3 Nf6 5.Nc3 c5 6.e3 e6 7.g4 a6 8.Qd2 Nc6 9.Nge2 b5
10.h4 b4 11.Nd1 a5 12.h5 h6 13.g5 hxg5 14.Bxg5 Be7 15.h6 gxh6 16.Rxh6 Rxh6
17.Bxh6 Nh5 18.Nf2 Bh4 19.Nf4 Qf6 20.Nxh5 Qxh6 21.Nf4 cxd4 22.exd4 Bg3 23.Nd3 Qxd2+
24.Kxd2 Nxd4 25.f4 Ba6 26.a3 Rc8 27.axb4 Rxc2+ 28.Ke3 Bxf2+ 29.Nxf2 Nf5+
30.Kf3 Bxf1 31.Rxf1 Rxb2  0-1

[Event "Helsinki EtVaS op"]
[Site "Helsinki"]
[Date "1995.??.??"]
[Round "?"]
[White "Puranen, Jukka"]
[Black "Rytshagov, Mikhail"]
[Result "1/2-1/2"]
[WhiteElo "2315"]
[BlackElo "2485"]

1.d4 Nf6 2.Bg5 Ne4 3.Bf4 c5 4.f3 Nf6 5.dxc5 b6 6.e4 bxc5 7.e5 Qc7 8.Nc3 Nc6
9.exf6 Qxf4 10.fxe7 Bxe7 11.Nd5 Qe5+ 12.Kf2 O-O 13.c3 Rb8 14.Qd2 Re8 15.f4 Qe4
16.Nf3 c4 17.b4 cxb3 18.Bd3 Qe6 19.axb3 Rxb3 20.Rhe1 Qh6 21.Nxe7+ Nxe7 22.Rxa7 Qb6+
23.Qe3 Rb2+ 24.Kf1 Qxe3 25.Rxe3 Kf8 26.Rc7 Rd8 27.Bc4 Ba6 28.Kg1 Bxc4 29.Rxc4 Ra8
30.h3 f6 31.Rb4 Ra1+ 32.Re1 Raa2 33.Rxb2 Rxb2 34.Rd1 Ke8 35.Rd3 Rc2 36.Ne1 Ra2
37.Nf3 Nf5 38.Nd4 Nh4 39.g3 Ra1+  1/2-1/2

[Event "Helsinki MatSK op"]
[Site "Helsinki"]
[Date "1995.??.??"]
[Round "?"]
[White "Puranen, Jukka"]
[Black "Rytshagov, Mikhail"]
[Result "0-1"]
[WhiteElo "2315"]
[BlackElo "2485"]

1.d4 Nf6 2.Bg5 Ne4 3.Bf4 c5 4.f3 Nf6 5.dxc5 b6 6.e4 bxc5 7.e5 Qc7 8.Bc4 e6
9.Nc3 Nc6 10.Nb5 Qb8 11.exf6 Qxf4 12.Ne2 Qxf6 13.O-O Qd8 14.Nec3 Rb8 15.Re1 Be7
16.Nd6+ Bxd6 17.Qxd6 Qe7 18.Qg3 O-O 19.Rad1 Rxb2 20.Nd5 Qd8 21.Nf4 Qf6 22.Bd3 d5
23.c4 dxc4 24.Bxc4 Nd4 25.Re4 Nf5 26.Qe1 Rb6 27.Qf2 Bb7 28.Ree1 Nd4 29.Nd3 Rc6
30.Ne5 Rc7 31.h4 h6 32.Ng4 Qf4 33.Ne5 Bd5 34.Nd3 Qf6 35.Nb2 Bxc4 36.Nxc4 Nf5
37.g3 Nd4 38.Ne5  0-1

[Event "Hillerod Politiken"]
[Site "Hillerod"]
[Date "1995.??.??"]
[Round "7"]
[White "Karlsson, Lars"]
[Black "Hansen, Sune Berg"]
[Result "0-1"]
[WhiteElo "2515"]
[BlackElo "2460"]

1.d4 Nf6 2.Bg5 Ne4 3.Bf4 c5 4.f3 Qa5+ 5.c3 Nf6 6.d5 Qb6 7.b3 g6 8.c4 Bg7
9.Nc3 O-O 10.Rc1 d6 11.e4 e6 12.g4 exd5 13.exd5 Re8+ 14.Kf2 Nbd7 15.h3 Ne5
16.Qd2 h5 17.Kg2 Bd7 18.Bh6 Bxh6 19.Qxh6 Qd8 20.Be2 g5 21.h4 gxh4 22.gxh5 Nxh5
23.Qxh5 Ng6 24.Qh6 Qf6 25.Kf1 Re5 26.Bd3 Bf5 27.Bxf5 Qxf5 28.Rh2 Qd3+ 29.Kg2 Rh5
30.Qxh5 Nf4+ 31.Kh1 Nxh5 32.Ne4 Ng3+ 33.Nxg3 hxg3 34.Rh3 g2+ 35.Kh2 Qd2 36.Ra1 Kg7
37.Rg3+ Kf6 38.Nh3 g1=R+  0-1

[Event "HUN-chT1"]
[Site "HUN"]
[Date "1995.??.??"]
[Round "?"]
[White "Lukacs, Janos"]
[Black "Rabovszky, Gyorgy"]
[Result "0-1"]
[WhiteElo "2220"]
[BlackElo "2125"]

1.d4 Nf6 2.Bg5 Ne4 3.Bh4 d5 4.Nf3 c5 5.c3 Nc6 6.e3 Qd6 7.Bd3 Bg4 8.Nbd2 g5
9.Bxe4 gxh4 10.Bd3 c4 11.Be2 h3 12.g3 Bh6 13.e4 Bxd2+ 14.Nxd2 Bxe2 15.Qxe2 O-O-O
16.O-O-O e5 17.exd5 Qxd5 18.Qxc4 Qxc4 19.Nxc4 exd4 20.cxd4 Nxd4 21.Kb1 Rhe8
22.Ne3 Nf3 23.Rc1+ Kd7 24.Rc5 Ke6 25.Rf5 Nd2+ 26.Ka1 Nc4 27.Rh5 Nxe3 28.fxe3 Kf6
29.Rxh3 Rxe3 30.Rxh7 Kg6 31.Rh4 Rd2 32.Rb4 Rxh2 33.Rc1 Re7 34.a4 Rg2 35.Rc3 f5
36.Ka2 Rge2 37.a5 Kg5 38.Rc8 R2e4 39.Rbc4 Rxc4 40.Rxc4 Re4 41.Rc7 Ra4+ 42.Kb3 Rxa5
43.Rg7+ Kh5 44.Rxb7 Kg4 45.Rg7+ Kf3 46.Kc4 Ra4+ 47.Kd5 Rg4 48.Rf7 Rg5 49.Ke6 Ke4
50.b4 Rg6+ 51.Rf6 Rxg3 52.Rxf5 Rg6+ 53.Rf6 Rxf6+ 54.Kxf6 Kd4 55.Kf5 Kc4  0-1

[Event "HUN-chT1"]
[Site "HUN"]
[Date "1995.??.??"]
[Round "?"]
[White "Brandics, Jozsef"]
[Black "Certek, Pavel"]
[Result "1-0"]
[WhiteElo "2300"]
[BlackElo "2285"]

1.d4 Nf6 2.Bg5 Ne4 3.Bf4 d5 4.Nd2 Bf5 5.Ngf3 e6 6.e3 Be7 7.Nxe4 Bxe4 8.Be2 c6
9.O-O Nd7 10.Ne5 Nxe5 11.Bxe5 O-O 12.Bd3 Bxd3 13.Qxd3 Re8 14.c4 dxc4 15.Qxc4 Bd6
16.Bxd6 Qxd6 17.Rac1 Rad8 18.f4 Qd5 19.Qxd5 Rxd5 20.b4 f6 21.Rc5 Red8 22.Rfc1 Kf7
23.b5 Rxc5 24.Rxc5 Rd6 25.Kf2 Ke7 26.a4 Kd7 27.f5 exf5 28.bxc6+ Rxc6 29.Rxf5 Kc7
30.h4 g6 31.Rf4 Kd7 32.h5 Ra6 33.d5 f5 34.g4 fxg4 35.Rf7+ Kd6 36.h6 Kxd5
37.Rxh7 Rf6+ 38.Kg3 Rf1 39.Kh4 Kc6  1-0

[Event "HUN-chT2 9495"]
[Site "HUN"]
[Date "1995.??.??"]
[Round "?"]
[White "Szucs, Imre"]
[Black "Sax, Gyula"]
[Result "0-1"]
[WhiteElo "2015"]
[BlackElo "2535"]

1.d4 Nf6 2.Bg5 Ne4 3.Bh4 d5 4.Nd2 Nd6 5.e3 Nf5 6.Bg5 Nc6 7.g4 h6 8.Bf4 g5
9.Be5 Nxe5 10.gxf5 Nc6 11.Qf3 Nb4 12.Kd1 Qd7 13.c3 Na6 14.h4 gxh4 15.Bd3 c5
16.Rxh4 Qa4+ 17.Bc2 Qc6 18.dxc5 Nxc5 19.Nb3 Bd7 20.Rd4 Na4 21.Rb1 Nb6 22.e4 Bg7
23.exd5 Qd6 24.Rd2 Nc4 25.Re2 O-O-O 26.Qg4 Qxd5+ 27.Ke1 Rhg8 28.Kf1 Bf6 29.Qe4 Bb5
30.Qxd5 Rxd5 31.f4  0-1

[Event "HUN-chT2 9495"]
[Site "HUN"]
[Date "1995.??.??"]
[Round "?"]
[White "Supolo, Jozsef"]
[Black "Paksa, Rudolf"]
[Result "0-1"]
[WhiteElo "2230"]
[BlackElo "2340"]

1.d4 Nf6 2.Bg5 Ne4 3.Bf4 c5 4.c3 Qb6 5.Qc2 cxd4 6.cxd4 Nc6 7.e3 d5 8.a3 e5
9.dxe5 Qa5+ 10.Nc3 d4 11.exd4 Nxc3 12.bxc3 Nxd4 13.Qd3 Bc5 14.Be3 Bf5 15.Qxd4 Bxd4
16.Bxd4 O-O-O 17.Nf3 Rxd4  0-1

[Event "HUN-chT2 9495"]
[Site "HUN"]
[Date "1995.??.??"]
[Round "?"]
[White "Sulyok, Sandor"]
[Black "Paksa, Rudolf"]
[Result "1/2-1/2"]
[WhiteElo "2255"]
[BlackElo "2340"]

1.d4 Nf6 2.Bg5 Ne4 3.Bf4 c5 4.f3 Nf6 5.d5 d6 6.e4 a6 7.a4 e6 8.Nc3 exd5 9.exd5 Bf5
10.Bd3 Bg6 11.Qd2 Be7 12.Nge2 Qc7 13.Ng3 Nbd7 14.Bf5 O-O 15.O-O Rfe8 16.Kh1 Bf8
17.Rfe1 Rab8 18.Nce4 Nxe4 19.Bxe4 Nf6 20.Bxg6 hxg6 21.c4 Qd7 22.b3 Rxe1+
23.Rxe1 b5 24.axb5 axb5 25.Bg5 bxc4 26.bxc4 Rb4 27.Bxf6 gxf6 28.Qe2 f5 29.Nf1 Qa4
30.Ne3 Bh6 31.g4 f4 32.Ng2 Rxc4 33.h4 Rc2 34.Qe8+ Qxe8 35.Rxe8+ Bf8 36.Nxf4 Rf2
37.Re3 Bg7 38.Ne2 Rf1+ 39.Kg2 Rd1 40.Re8+ Kh7 41.Re7 Rxd5 42.Rxf7 Kg8 43.Rc7 Rd2
44.Kf1 Rd1+ 45.Kf2 Be5  1/2-1/2

[Event "HUN-chT2 9495"]
[Site "HUN"]
[Date "1995.??.??"]
[Round "?"]
[White "Laszlo, Janos"]
[Black "Racz, Zoltan"]
[Result "1/2-1/2"]
[WhiteElo "2250"]
[BlackElo "2250"]

1.d4 Nf6 2.Bg5 Ne4 3.Bf4 c5 4.d5 d6 5.f3 Qa5+ 6.Nd2 Nxd2 7.Bxd2 Qb6 8.Bc3 e5
9.dxe6 Bxe6 10.e4 Nc6 11.Ne2 d5 12.exd5 O-O-O 13.Nf4 Nb4 14.Bc4 Bxd5 15.Nxd5 Qe6+
16.Kf2 Nxd5 17.Re1 Qc6 18.Bxd5 Qxd5 19.Qxd5 Rxd5 20.Re8+ Rd8 21.Rxd8+ Kxd8
22.Rd1+ Kc8 23.g4 f6 24.Rd5 Be7 25.b3 Kc7 26.Bb2 g6 27.c4 Rf8 28.f4 f5 29.Be5+ Kc6
30.g5 Rd8 31.Rxd8 Bxd8 32.Kf3 Bc7 33.Bc3  1/2-1/2

[Event "IRL-ch"]
[Site "IRL"]
[Date "1995.??.??"]
[Round "4"]
[White "Clarke, Thomas"]
[Black "Nicholson, John"]
[Result "1-0"]
[WhiteElo "2215"]
[BlackElo "2065"]

1.d4 Nf6 2.Bg5 Ne4 3.h4 d5 4.Nd2 Nxg5 5.hxg5 g6 6.e3 Bg7 7.Qf3 c6 8.Qf4 Nd7
9.Ngf3 f6 10.gxf6 exf6 11.Bd3 Qe7 12.Rxh7 Nf8 13.Rxh8 Bxh8 14.Qh6 Qg7 15.Qh2 Be6
16.O-O-O Kf7 17.Rh1 Kg8 18.Nh4 c5 19.Nxg6 Nxg6 20.Bxg6 cxd4 21.exd4  1-0

[Event "Isle of Man op"]
[Site "Isle of Man"]
[Date "1995.??.??"]
[Round "1"]
[White "Buckley, Graeme"]
[Black "Milov, Vadim"]
[Result "1/2-1/2"]
[WhiteElo "2355"]
[BlackElo "2570"]

1.d4 Nf6 2.Bg5 Ne4 3.Bh4 c6 4.Nd2 Qa5 5.c3 Qh5 6.Nxe4 Qxh4 7.Ng3 d5 8.Nf3 Qf6
9.e4 dxe4 10.Nxe4 Qf4 11.Neg5 h6 12.g3 Qd6 13.Ne4 Qd5 14.Ned2 Nd7 15.Bc4 Qh5
16.O-O e6 17.Ne5 Qxd1 18.Rfxd1 Nf6 19.a4 Bd6 20.a5 Ke7 21.a6 Bxe5 22.dxe5 Nd7
23.axb7 Bxb7 24.f4 g5 25.Kf2 c5 26.Bb5 gxf4 27.Bxd7 fxg3+ 28.hxg3 Kxd7 29.Ne4+ Ke7
30.Nxc5 Bc6 31.Ra5 Rhc8 32.c4 Rc7 33.Rda1 f6 34.exf6+ Kxf6 35.Re1 e5 36.b4 Rf8
37.Kg1 Rg8 38.Kh2 Rg4 39.Na6 Re7 40.b5 Bf3 41.Ra3 e4 42.Nb4 Rd7 43.Nd5+ Kg5
44.Ra2 e3 45.Nxe3 Re4 46.Rf2 Bg4 47.Rf8 Be6 48.c5 Rb7 49.Rf4 Rxf4 50.gxf4+ Kxf4
51.Ng2+ Kf5 52.Rb1 Ke5 53.Re1+ Kf6 54.Rb1 Ke5 55.Re1+ Kf5 56.Rb1 Rb8 57.Kg3 Rc8
58.Rc1 Bb3 59.Nf4 Ke4 60.Re1+ Kd4 61.b6 a5 62.Rc1 Bc4 63.Ra1 Rxc5 64.b7 Rb5
65.Rxa5 Rxb7 66.Kg4 Rb6 67.Ra4 Rc6 68.Kf5 Rc5+ 69.Kg4 Ke3 70.Ng2+ Kf2 71.Nh4 Be6+
72.Kf4 Rh5 73.Ng6 Rf5+ 74.Ke4 Rf6 75.Nf4 Bb3 76.Ke5 Rb6 77.Ra3 Rb5+ 78.Kf6 Ke3
79.Nd5+ Kd4 80.Nc7 Rb6+ 81.Kf5 Bc2+ 82.Kg4 Rc6 83.Nb5+ Ke5 84.Re3+ Kf6 85.Nd4 Rc4
86.Re6+ Kf7 87.Rd6 Ke7 88.Rd5 Kf6 89.Kh5 Be4 90.Rd6+ Ke5 91.Rd8 Bd5 92.Rxd5+ Kxd5
93.Nf5 Ke5 94.Nxh6 Rc1 95.Ng4+ Kf4 96.Nh6 Rg1 97.Nf7 Rg7 98.Nh6 Rg5+ 99.Kh4 Rg6
100.Kh5 Rf6 101.Ng4 Rf5+ 102.Kh4 Rg5 103.Nh6 Re5 104.Ng4 Re1 105.Nh2 Re2
106.Kh3 Rc2 107.Ng4 Rc7 108.Nh2 Rg7 109.Nf1 Rg8 110.Nh2 Rg3+ 111.Kh4 Re3
112.Ng4 Re6  1/2-1/2

[Event "Isle of Man op"]
[Site "Isle of Man"]
[Date "1995.??.??"]
[Round "5"]
[White "Buckley, Graeme"]
[Black "Wells, Peter K"]
[Result "0-1"]
[WhiteElo "2355"]
[BlackElo "2545"]

1.d4 Nf6 2.Bg5 Ne4 3.Bh4 c5 4.f3 g5 5.fxe4 gxh4 6.e3 Bh6 7.Kf2 Qb6 8.Nc3 e6
9.Nf3 cxd4 10.Qxd4 O-O 11.Qxb6 axb6 12.Nxh4 Nc6 13.Nf3 Ra5 14.a4 Rc5 15.Be2 f5
16.exf5 Rcxf5 17.Rhd1 Nb4 18.Rac1 Re5 19.Kg3 Rxe3 20.Rd4 Nc6 21.Rg4+ Kh8
22.Re1 Ne5 23.Rb4 Nxf3 24.gxf3 Re5 25.Rd1 d5 26.Rdd4 Be3 27.Rg4 h5 28.f4 Ref5
29.Rh4 d4 30.Ne4 Bxf4+ 31.Kh3 e5 32.Nd6 Rg5+ 33.Nxc8 Rxc8 34.Bxh5 Kg7 35.Rxb6 Rxc2
36.Rxb7+ Kf6 37.Rb6+ Ke7 38.Be2 Kd8 39.Rb7 Kc8 40.Ra7 Kb8 41.Re7 Rg8 42.Rxf4 exf4
43.a5 Rc5 44.b4 Rc3+ 45.Kh4 f3 46.Bd1 f2 47.Rf7 Rc7 48.Rxf2 Rh7+ 49.Bh5 Rgh8  0-1

[Event "Kavala op"]
[Site "Kavala"]
[Date "1995.??.??"]
[Round "3"]
[White "Cook, M."]
[Black "Pesic, Ninoslav"]
[Result "0-1"]
[WhiteElo "2100"]
[BlackElo "2340"]

1.d4 Nf6 2.Bg5 Ne4 3.h4 c5 4.d5 g6 5.Qd3 Nxg5 6.Qc3 f6 7.hxg5 Bg7 8.Nd2 d6
9.Ngf3 O-O 10.Qd3 Bd7 11.g3 b5 12.Qe4 Rf7 13.gxf6 exf6 14.Qh4 h6 15.Bh3 g5
16.Qh5 f5 17.Bg2 Be8 18.g4 f4 19.Nxg5 Qxg5 20.Qxg5 hxg5 21.Ne4 Bxb2 22.Rb1 Be5
23.Nxg5 Re7 24.Be4 Bc3+ 25.Kf1 Bd7 26.Ne6 Na6 27.Rh5 Bxe6 28.dxe6 Rb8 29.Rf5 Nc7
30.Rxf4 Rf8 31.Rf5 Rxf5 32.gxf5 Kg7 33.Rd1 Ne8 34.Bc6 b4 35.Bxe8 Rxe8 36.Rxd6 Kf6
37.Rc6 Kxf5 38.Rxc5+ Kxe6 39.a3 Kd6 40.Rc4 Kd5 41.Rc7 a5 42.axb4 Bxb4 43.Ra7 Rc8  0-1

[Event "Kavala op"]
[Site "Kavala"]
[Date "1995.??.??"]
[Round "7"]
[White "Cook, M."]
[Black "Tzermiadianos, Andreas"]
[Result "1/2-1/2"]
[WhiteElo "2100"]
[BlackElo "2400"]

1.d4 Nf6 2.Bg5 Ne4 3.h4 c5 4.d5 g6 5.Nd2 Nxg5 6.hxg5 Bg7 7.c3 d6 8.e4 Nd7
9.f4 b5 10.Bxb5 Rb8 11.a4 a6 12.Bd3 Rxb2 13.Qc1 Rb8 14.Nc4 Nb6 15.a5 Nxc4
16.Bxc4 Bd7 17.Nf3 Bb5 18.Nd2 Qd7 19.O-O Qg4 20.Rf3 h6 21.gxh6 Bxh6 22.Qf1 Bg7
23.Re1 Rh4 24.e5 Qh5 25.Kf2 dxe5 26.Bxb5+ Rxb5 27.Rb1 Rxb1  1/2-1/2

[Event "Kishinev Interzonal (Women)"]
[Site "Kishinev"]
[Date "1995.??.??"]
[Round "1"]
[White "Paasikangas, Johanna"]
[Black "Skripchenko, Almira"]
[Result "0-1"]
[WhiteElo "2280"]
[BlackElo "2400"]

1.d4 Nf6 2.Bg5 Ne4 3.h4 c5 4.Nf3 Qa5+ 5.c3 cxd4 6.Qxd4 d5 7.b4 Qd8 8.g3 f6
9.Be3 Nc6 10.Qd1 e5 11.a3 Be7 12.Bg2 Be6 13.Nfd2 Nxc3 14.Nxc3 d4 15.b5 Na5
16.Bxd4 Qxd4 17.Nce4 f5 18.Ng5 Bxg5 19.hxg5 Rd8 20.Rc1 e4 21.e3 Qd6 22.g4 fxg4
23.Bxe4 g3 24.f4 Qxa3 25.Ke2 Bg4+ 26.Bf3 Qd3+ 27.Ke1 Qxe3+ 28.Qe2 Qxe2+ 29.Kxe2 Rxd2+
30.Kxd2 Bxf3 31.Rhg1 Nb3+  0-1

[Event "Kuopio op2"]
[Site "Kuopio"]
[Date "1995.??.??"]
[Round "?"]
[White "Paasikangas, Johanna"]
[Black "Veingold, Aleksandr"]
[Result "1/2-1/2"]
[WhiteElo "2140"]
[BlackElo "2410"]

1.d4 Nf6 2.Bg5 Ne4 3.h4 d5 4.Nd2 Bf5 5.Nxe4 Bxe4 6.f3 h6 7.Bf4 Bh7 8.e3 e6
9.Bd3 Bxd3 10.Qxd3 c5 11.Ne2 Nc6 12.c3 Rc8 13.g4 Be7 14.Bg3 Qb6 15.Kf2 h5
16.Rab1 g6 17.Kg2 Qa6 18.Qxa6 bxa6 19.g5 cxd4 20.exd4 Na5 21.b3 Kd7 22.Rhc1 Ba3
23.Rd1 Bd6 24.Be1 Bc7 25.Nc1 Bb6 26.Nd3 Nc6 27.Nc5+ Bxc5 28.dxc5 Ne7 29.Bf2 Rhf8
30.b4 f6 31.gxf6 Rxf6 32.a4 Rcf8 33.b5 Rxf3 34.c6+ Kd6 35.Bxa7 Rxc3 36.Rdc1 Rc4
37.Rxc4 dxc4 38.Rc1 axb5 39.axb5 Rf5 40.Rb1 c3 41.Be3 Nd5 42.Bc1 Kc7 43.Ra1 Kb6
44.Rb1 Rf8 45.Bg5 Ra8 46.Kf3 c2 47.Rb2 Ra3+ 48.Ke2 Rc3 49.Bc1 Rc5 50.Kd2 Nc7  1/2-1/2

[Event "Kurgan"]
[Site "Kurgan"]
[Date "1995.??.??"]
[Round "9"]
[White "Rublevsky, Sergei"]
[Black "Obukhov, Alexander"]
[Result "1-0"]
[WhiteElo "2585"]
[BlackElo "2445"]

1.d4 Nf6 2.Bg5 Ne4 3.h4 c5 4.dxc5 Na6 5.Nd2 Naxc5 6.Ngf3 Qb6 7.Nxe4 Nxe4
8.Qd4 Qxd4 9.Nxd4 a6 10.g3 e5 11.Nb3 d5 12.Bg2 Be6 13.Bxe4 dxe4 14.O-O-O Rc8
15.Kb1 b6 16.Nd2 Bf5 17.Be3 Rc6 18.h5 h6 19.Rdg1 Be7 20.g4 Bh7 21.Nf1 Kd7
22.Ng3 Ke6 23.Rd1 Rd8 24.Rxd8 Bxd8 25.a4 Rd6 26.c3 f5 27.gxf5+ Bxf5 28.Kc2 Bh7
29.Rg1 Rd7 30.Nf1 Kf7 31.Nd2 Bf5 32.b4 Bc7 33.b5 axb5 34.axb5 Rd5 35.c4 Rd8
36.Ra1 Bg4 37.Ra7 Rd7 38.Nxe4 Ke6 39.Ra6 Bxe2 40.Bxb6  1-0

[Event "La Coruna TH op"]
[Site "La Coruna"]
[Date "1995.??.??"]
[Round "4"]
[White "Paunovic, Tomislav"]
[Black "Del Rey, Diego"]
[Result "1-0"]
[WhiteElo "2405"]
[BlackElo "2340"]

1.d4 Nf6 2.Bg5 Ne4 3.h4 d5 4.Nd2 Nxg5 5.hxg5 Bf5 6.e3 c5 7.dxc5 Qa5 8.Bd3 Bxd3
9.cxd3 Nc6 10.d4 e5 11.Ne2 Be7 12.f4 exd4 13.exd4 Qb4 14.a3 Qxb2 15.Rh3 Qb5
16.Qb1 Qxb1+ 17.Rxb1 O-O-O 18.Nf3 h5 19.gxh6 Rxh6 20.Rxh6 gxh6 21.Kf2 Bf6
22.Rh1 Bg7 23.Rh5 b5 24.cxb6 axb6 25.Ne5 Nxe5 26.fxe5 Kd7 27.Rf5 Ke7 28.Nf4 b5
29.g4 Ke8 30.Nh5 Bh8 31.Rf3 Ke7 32.Rc3 Rd7 33.Rc8 Rd8 34.Rc7+ Rd7 35.Rc5 f6
36.Rc8 Rd8 37.exf6+ Kd7 38.Rxd8+ Kxd8 39.Kf3 Kd7 40.Kf4  1-0

[Event "La Coruna TH op"]
[Site "La Coruna"]
[Date "1995.??.??"]
[Round "9"]
[White "Romero Holmes, Alfonso"]
[Black "Damljanovic, Branko"]
[Result "1/2-1/2"]
[WhiteElo "2435"]
[BlackElo "2555"]

1.d4 Nf6 2.Bg5 Ne4 3.Bh4 d5 4.f3 Nf6 5.Nc3 Bf5 6.Qd2 c6 7.O-O-O Nbd7 8.Qe1 Qc7
9.Bg3 Qb6 10.e4 dxe4 11.fxe4 Bg4 12.Be2 Bxe2 13.Ngxe2 e6 14.Rf1 Bb4 15.a3 Be7
16.Bh4 Bd8 17.e5 Nd5 18.Bxd8 Rxd8 19.Nxd5 cxd5 20.Nf4 O-O 21.Nh5 f5 22.exf6 Nxf6
23.Rxf6 Rxf6 24.Nxf6+ gxf6 25.Qh4 Rf8 26.Rf1 Kg7 27.Re1  1/2-1/2

[Event "National op"]
[Site "Las Vegas"]
[Date "1995.??.??"]
[Round "5"]
[White "Hodgson, Julian M"]
[Black "Benjamin, Joel"]
[Result "1-0"]
[WhiteElo "2615"]
[BlackElo "2570"]

1.d4 Nf6 2.Bg5 Ne4 3.Bf4 d5 4.f3 Nf6 5.e4 e6 6.e5 Nfd7 7.Be3 c5 8.c3 b6 9.f4 Ba6
10.Bxa6 Nxa6 11.Nf3 Be7 12.O-O O-O 13.f5 exf5 14.Qd3 Nc7 15.Qxf5 Ne6 16.Na3 cxd4
17.cxd4 Bxa3 18.bxa3 Qe7 19.Ng5 Nxg5 20.Bxg5 Qe6 21.Qxe6 fxe6 22.Rxf8+ Kxf8
23.Rc1 h6 24.Bh4 a5 25.Rc7 Ke8 26.Rc6 Kf7 27.Rc7 Ke8 28.Rc6 Kf7 29.Kf1 Ra7
30.Ke2 Rb7 31.Kd3 Nb8 32.Rc8 Na6 33.Rc6 Nb8 34.Rd6 Nd7 35.Kc2 Rc7+ 36.Kb3 g5
37.Be1 Ke7 38.Bc3 Rc8 39.a4 Rb8 40.Bd2 Rf8 41.Bc1 Rf2 42.Ba3 Rxg2 43.Rxd5+ Kd8
44.Rd6 Rxh2 45.Rxe6 Rh3+ 46.Kb2 Rh2+ 47.Kb3 Rh3+ 48.Kb2 Rh2+ 49.Kb1 Rh1+
50.Kc2 Rh2+ 51.Kc1 Rh1+ 52.Kd2 Rh2+ 53.Ke1 Rh1+ 54.Kf2 Rh2+ 55.Kg3 Rd2 56.Be7+ Kc7
57.Rd6 Rd1 58.Kf3 h5 59.Ke4 g4 60.Rg6 Rd2 61.Bd6+ Kb7 62.e6  1-0

[Event "Lazne Bohdanec"]
[Site "Lazne Bohdanec"]
[Date "1995.??.??"]
[Round "1"]
[White "Meduna, Eduard"]
[Black "Hausner, Ivan"]
[Result "1/2-1/2"]
[WhiteElo "2480"]
[BlackElo "2450"]

1.d4 Nf6 2.Bg5 Ne4 3.Bf4 d6 4.e3 g5 5.Bg3 Bg7 6.Bd3 Nxg3 7.hxg3 h6 8.Nd2 Nd7
9.c3 e6 10.g4 Nf6 11.Ne4 Nxe4 12.Bxe4 d5 13.Bf3 e5 14.dxe5 c6 15.Ne2 Bxe5
16.Qc2 Bd7  1/2-1/2

[Event "Le Touquet op"]
[Site "Le Touquet"]
[Date "1995.??.??"]
[Round "?"]
[White "Degraeve, Jean Marc"]
[Black "Chuchelov, Vladimir"]
[Result "1-0"]
[WhiteElo "2425"]
[BlackElo "2530"]

1.d4 Nf6 2.Bg5 Ne4 3.Bf4 c5 4.f3 Qa5+ 5.c3 Nf6 6.Nd2 cxd4 7.Nb3 Qf5 8.Bxb8 Rxb8
9.Qxd4 b6 10.e4 Qf4 11.Nh3 Qc7 12.e5 Ng8 13.O-O-O e6 14.Ng5 Ne7 15.f4 Nf5
16.Qf2 Be7 17.Bd3 h6 18.Nf3 h5 19.Bxf5 exf5 20.Nfd4 g6 21.Nb5 Qc4 22.Nd6+ Bxd6
23.Rxd6 Bb7 24.Rhd1 Qa4 25.Rxd7 Qxa2 26.e6 O-O 27.e7 Qxb3 28.exf8=Q+ Kxf8
29.Qd4 Kg8 30.Qe5  1-0

[Event "Leeuwarden op"]
[Site "Leeuwarden"]
[Date "1995.??.??"]
[Round "2"]
[White "Tondivar, Babak"]
[Black "Huzman, Alexander"]
[Result "1/2-1/2"]
[WhiteElo "2315"]
[BlackElo "2580"]

1.d4 Nf6 2.Bg5 Ne4 3.h4 c5 4.dxc5 Nc6 5.Nd2 Nxc5 6.e4 d5 7.exd5 Qxd5 8.Ngf3 Bf5
9.Bc4 Qd6 10.Nb3 Qxd1+ 11.Rxd1 Nxb3 12.Bxb3 e5 13.O-O h6 14.Be3 Be7 15.Ba4 f6
16.Nd2 O-O-O 17.f3 Kc7 18.Ne4 b6 19.Bb3 Nd4 20.Bxd4 Rxd4 21.Rxd4 exd4 22.Rd1 Rd8
23.g3 Bh7 24.Nf2 Bc5 25.Nd3 Re8 26.Kf2 Bf5 27.Re1 Rxe1 28.Kxe1 g5 29.hxg5 fxg5
30.g4 Bg6 31.Bd5 Bd6 32.Ke2 Bg3 33.Be4 Bf7 34.a3 Kd6 35.Bf5 Bc4 36.b3 Bf7
37.a4 Be8 38.Be4 Bd7 39.Bg6  1/2-1/2

[Event "Lenk op"]
[Site "Lenk"]
[Date "1995.??.??"]
[Round "5"]
[White "Barbero, Gerardo F"]
[Black "Gheorghiu, Florin"]
[Result "1/2-1/2"]
[WhiteElo "2435"]
[BlackElo "2475"]

1.d4 Nf6 2.Bg5 Ne4 3.Bf4 d5 4.Nf3 Bf5 5.e3 e6 6.Nbd2 Nxd2 7.Qxd2 Bd6 8.Bg3 O-O
9.Bd3 Bxd3 10.Qxd3 Nd7 11.O-O Bxg3 12.hxg3 c5 13.e4  1/2-1/2